Biocompatible and antibacterial silver tantalum oxide thin film by magnetron sputtering for surgical applications /
Saved in:
| 主要作者: | |
|---|---|
| 格式: | Thesis 图书 |
| 语言: | English |
| 出版: |
2019.
|
| 主题: | |
| 在线阅读: | http://studentsrepo.um.edu.my/13020/ |
| 标签: |
添加标签
没有标签, 成为第一个标记此记录!
|
| LEADER | 01757cam a2200385 i 4500 | ||
|---|---|---|---|
| 001 | u1123883 | ||
| 003 | SIRSI | ||
| 005 | 201910070853 | ||
| 008 | 191007s2019 my m 000 0 eng | ||
| 040 | |a UMM |d UMJ |d AUM |e rda | ||
| 090 | |a TJ7 |b UMP 2019 Roda | ||
| 097 | |a TJ7 |b UMP 2019 Roda | ||
| 100 | 0 | |a Rodianah Alias, |e author. | |
| 245 | 1 | 0 | |a Biocompatible and antibacterial silver tantalum oxide thin film by magnetron sputtering for surgical applications / |c Rodianah Alias. |
| 264 | 1 | |c 2019. | |
| 300 | |a xxiii, 152 leaves : |b illustrations ; |c 30 cm | ||
| 336 | |a text |2 rdacontent | ||
| 337 | |a unmediated |2 rdamedia | ||
| 337 | |a computer |2 rdamedia | ||
| 338 | |a volume |2 rdacarrier | ||
| 338 | |a computer disc |2 rdacarrier | ||
| 502 | |b Ph.D. |c Jabatan Kejuruteraan Mekanik, Fakulti Kejuruteraan, Universiti Malaya |d 2019. | ||
| 504 | |a Bibliography: leaves 129-149. | ||
| 530 | |a Also issued in CD. | ||
| 650 | 0 | |a Nanostructured materials. | |
| 650 | 0 | |a Sputtering (Physics). | |
| 650 | 0 | |a Tantalum oxides. | |
| 650 | 0 | |a Stainless steel |x Heat treatment. | |
| 710 | 2 | |a Universiti Malaya. |b Jabatan Kejuruteraan Mekanik, |e degree granting institution. | |
| 856 | 4 | 1 | |u http://studentsrepo.um.edu.my/13020/ |
| 596 | |a 1 7 25 | ||
| 900 | |a NSM | ||
| 999 | |a TJ7 UMP 2019 RODA |w LC |c 1 |i A517375902 |f 14/10/2019 |g 1 |l STACKS |m P01UTAMA |r Y |s N |t TESIS |u 14/10/2019 |1 STEM |o .PUBLIC. Embargoed until 22.07.2021 |o .STAFF. | ||
| 999 | |a TJ7 UMP 2019 RODA |w LC |c 1 |i A517441898 |f 10/8/2020 |g 1 |l STACKS |m P07JURUTER |r Y |s Y |t TESIS |u 10/8/2020 |0 ENGINE |1 STEM |o .PUBLIC. EMBARGOED UNTIL 22.07.2021 |o .STAFF. ITEM KEPT IN ENGINEERING LIBRARIAN OFFICE - MFA | ||
| 999 | |a TJ7 UMP 2019 RODA |w LC |c 1 |i A517199607 |f 6/12/2021 |g 1 |l STACKS |m P25UMARCHI |r N |s Y |t CD |u 6/12/2021 |1 STEM |o .STAFF. MST-CD390 | ||
